000 00667nam a2200289Ia 4500
005 20260324120229.0
008 008 260324s9999 xx 000 0 eng d
020 _a9781315757834
037 _aEBOOK
040 _aCRL
040 _beng
040 _cCRL
041 _2eng
041 _aeng
084 _qCRL
100 _aAhmed Naciri
_91067906
245 0 _aCredit Rating Governance
245 0 _bGlobal Credit Gatekeepers
260 _bTaylor and Francis
260 _c2015
365 _a
365 _b280
856 _uhttp://www.taylorfrancis.com/books/9781315757834
942 _cEBOOK
999 _c1749172
_d1749172